G. K. Chesterton: [a biography]
| Main Author: | |
|---|---|
| Format: | Print Book |
| Language: | English |
| Subito Delivery Service: | Order now. |
| Check availability: | HBZ Gateway |
| WorldCat: | WorldCat |
| Interlibrary Loan: | Interlibrary Loan for the Fachinformationsdienste (Specialized Information Services in Germany) |
| Published: |
London
Weidenfeld and Nicolson
1986
|
| In: | Year: 1986 |
| Reviews: | [Rezension von: Ffinch, Michael, G. K. Chesterton: A Biography] (1988) (Corrin, Jay P.)
|
| Standardized Subjects / Keyword chains: | B
Chesterton, G. K. 1874-1936
|
| Further subjects: | B
Biography
B Authors, English 20th century Biography |
MARC
| LEADER | 00000cam a2200000 c 4500 | ||
|---|---|---|---|
| 001 | 1623403286 | ||
| 003 | DE-627 | ||
| 005 | 20251225202714.0 | ||
| 007 | tu | ||
| 008 | 870114s1986 xxk||||| 00| ||eng c | ||
| 020 | |a 0297788582 |9 0-297-78858-2 | ||
| 035 | |a (DE-627)1623403286 | ||
| 035 | |a (DE-576)012440701 | ||
| 035 | |a (DE-599)BSZ012440701 | ||
| 035 | |a (OCoLC)14088627 | ||
| 035 | |a (OCoLC)246801056 | ||
| 035 | |a (OCoLC)246801056 | ||
| 035 | |a (DE-604)8037065548 | ||
| 040 | |a DE-627 |b ger |c DE-627 |e rakwb | ||
| 041 | |a eng | ||
| 044 | |c XA-GB | ||
| 050 | 0 | |a PR4453.C4 | |
| 082 | 0 | |a 828'.91209 | |
| 084 | |a 1 |2 ssgn | ||
| 084 | |a HM 2135 |2 rvk |0 (DE-625)rvk/50909:11852 | ||
| 100 | 1 | |0 (DE-588)188347135 |0 (DE-627)699278252 |0 (DE-576)135220661 |4 aut |a Ffinch, Michael |d 1934-1999 | |
| 109 | |a Ffinch, Michael 1934-1999 | ||
| 245 | 1 | 0 | |a G. K. Chesterton |b [a biography] |c Michael Ffinch |
| 246 | 3 | 0 | |a Gilbert Keith |
| 264 | 1 | |a London |b Weidenfeld and Nicolson |c 1986 | |
| 300 | |a [xiii], 369, [8] S. |b Ill. | ||
| 336 | |a Text |b txt |2 rdacontent | ||
| 337 | |a ohne Hilfsmittel zu benutzen |b n |2 rdamedia | ||
| 338 | |a Band |b nc |2 rdacarrier | ||
| 583 | 1 | |a Archivierung prüfen |c 20200919 |f DE-640 |z 3 |2 pdager | |
| 583 | 1 | |a Archivierung prüfen |c 20240324 |f DE-4165 |z 1 |2 pdager | |
| 653 | 0 | |a Authors, English |a 20th century |a Biography | |
| 655 | 7 | |a Biografie |0 (DE-588)4006804-3 |0 (DE-627)104213493 |0 (DE-576)208867147 |2 gnd-content | |
| 689 | 0 | 0 | |d p |0 (DE-588)118520393 |0 (DE-627)133425606 |0 (DE-576)160565308 |2 gnd |a Chesterton, G. K. |d 1874-1936 |
| 689 | 0 | |5 (DE-627) | |
| 689 | 1 | 0 | |d p |0 (DE-588)118520393 |0 (DE-627)133425606 |0 (DE-576)160565308 |2 gnd |a Chesterton, G. K. |d 1874-1936 |
| 689 | 1 | |5 (DE-627) | |
| 787 | 0 | 8 | |i Rezensiert in |a Corrin, Jay P. |t [Rezension von: Ffinch, Michael, G. K. Chesterton: A Biography] |d 1988 |w (DE-627)1784346098 |
| 889 | |w (DE-627)013692712 | ||
| 889 | |w (DE-627)273671499 | ||
| 935 | |i mdedup | ||
| 936 | r | v | |a HM 2135 |b Sekundärliteratur |k Anglistik. Amerikanistik |k Englische Literatur |k Frühes 20. Jahrhundert (1900 - ca.1950) |k Literaturgeschichte |k Einzelne Autoren |k Autoren C |k Chesterton, Gilbert Keith |k Sekundärliteratur |0 (DE-627)1271701553 |0 (DE-625)rvk/50909:11852 |0 (DE-576)201701553 |
| 951 | |a BO | ||
| ELC | |b 1 | ||
| ORI | |a SA-MARC-ixtheo_oa001.raw | ||
| REL | |a 1 | ||
| SUB | |a REL | ||
| SYG | 0 | 0 | |a Chesterton, G.K.,1874-1936,Chesterton, G.-K.,1874-1936,Chesterton, Gilbert Keith,1874-1936,Chesterton, Gilbert K.,1874-1936,Chesterton, Gilb. K.,1874-1936,Chesterton, Gilbert,1874-1936,Chesterton, K.,1874-1936,C., G. K.,1874-1936,C., G.K.,1874-1936,G. K. C.,1874-1936,G.K.C.,1874-1936,Česterton, K.,1874-1936,Česterton, G. K.,1874-1936,Keith Chesterton, Gilbert,1874-1936,Česterton, Gilʹbert Kijt,1874-1936 , Chesterton, G.K.,1874-1936,Chesterton, G.-K.,1874-1936,Chesterton, Gilbert Keith,1874-1936,Chesterton, Gilbert K.,1874-1936,Chesterton, Gilb. K.,1874-1936,Chesterton, Gilbert,1874-1936,Chesterton, K.,1874-1936,C., G. K.,1874-1936,C., G.K.,1874-1936,G. K. C.,1874-1936,G.K.C.,1874-1936,Česterton, K.,1874-1936,Česterton, G. K.,1874-1936,Keith Chesterton, Gilbert,1874-1936,Česterton, Gilʹbert Kijt,1874-1936 |



